Aktuální vývoj britské ekonomiky
Britský hospodársky rozvoj založený na vývoze tovarov spracovateľského priemyslu a služieb a na dovoze surovín a potravín. 80. roky a vytváranie nových pracovných miest v perspektívnych odboroch. 90. roky a rozvoj bankovníctva a podnikateľskej sféry. Britská ekonomická sila v mestských aglomeráciách...
Salvato in:
| Autore principale: | |
|---|---|
| Natura: | Capitolo di libro |
| Lingua: | ceco |
| Soggetti: | |
| Tags: |
Nessun Tag, puoi essere il primo ad aggiungerne!!
|
MARC
| LEADER | 00000naa$a2200000$$$4500 | ||
|---|---|---|---|
| 001 | 0032309 | ||
| 005 | 20231016092030.5 | ||
| 041 | 0 | |a cze | |
| 044 | |a CZ | ||
| 245 | 1 | 0 | |a Aktuální vývoj britské ekonomiky |c Petr Zahradník |
| 520 | |a Britský hospodársky rozvoj založený na vývoze tovarov spracovateľského priemyslu a služieb a na dovoze surovín a potravín. 80. roky a vytváranie nových pracovných miest v perspektívnych odboroch. 90. roky a rozvoj bankovníctva a podnikateľskej sféry. Britská ekonomická sila v mestských aglomeráciách. Reštrukturalizácia regiónov. Štruktúra a teritoriálna orientácia otvorenosti ekonomiky. Londýn na vedúcej pozícii medzi európskymi finančnými centrami. Nízka miera inflácie a nižšia miera nezamestnanosti. Vysoká dôveryhodnosť podnikateľského a investičného prostredia. Miesto Veľkej Británie v Európskej únii. | ||
| 610 | 2 | 0 | |a situácia hospodárska |
| 610 | 2 | 0 | |a rozvoj hospodársky |
| 610 | 2 | 0 | |a priemysel spracovateľský |
| 610 | 2 | 0 | |a bankovníctvo |
| 610 | 2 | 0 | |a zamestnanosť |
| 610 | 2 | 0 | |a produkt národný hrubý |
| 610 | 2 | 0 | |a podnikanie |
| 610 | 2 | 0 | |a rozvoj regionálny |
| 610 | 2 | 0 | |a zmeny štruktúrne |
| 610 | 2 | 0 | |a spolupráca cezhraničná |
| 610 | 2 | 0 | |a Veľká Británia |
| 610 | 2 | 0 | |a Európska únia |
| 100 | 1 | |a Zahradník, Petr | |